| 000 | 00612nam a2200169 a 4500 | ||
|---|---|---|---|
| 001 | 000013560 | ||
| 005 | 20200929163253.0 | ||
| 008 | 091125s1947 dr r 000 0 spa d | ||
| 040 |
_aDO-SdBNP _bspa _cBNPHU |
||
| 082 |
_a348.026 _bR426r |
||
| 110 | 1 |
_aRepública Dominicana. Secretaría de Estado de Guerra y Marina _930897 |
|
| 245 | 1 | 0 | _aReglamento orgánico de la Marina de Guerra. |
| 260 |
_aCiudad Trujillo, República Dominicana : _bTalleres del ejercito, _c1947. |
||
| 300 |
_a347 p. ; _c24 cm. |
||
| 650 | 4 |
_aMarina de guerra _xReglamentos _930898 |
|
| 650 | 4 |
_aMarina de guerra _zRepública Dominicana _915998 |
|
| 999 |
_c13182 _d13182 |
||